communes d'Indre-et-Loire de plus de 1 000 habitants - Statistiques

Statistiques générales
  • Ce quiz a été pris 6 fois
  • Le résultat moyen est 30 sur 120
Statistiques - réponses
Pop Ville % Correct
8 100 Chinon
100%
38 400 Joué les tours
100%
139 300 Tours
100%
13 000 Amboise
83%
6 200 Loches
83%
15 900 Saint pierre des corps
83%
12 700 Chambray les tours
67%
3 400 Azay le rideau
50%
8 500 Ballan Miré
50%
3 400 Descartes
50%
11 000 Fondettes
50%
10 500 La riche
50%
8 100 Monts
50%
2 300 Neuillé pont pierre
50%
4 500 Notre Dame d'oé
50%
2 600 Parçay meslay
50%
3 400 Vouvray
50%
2 900 Athée sur cher
33%
3 200 Azay sur cher
33%
5 400 Bléré
33%
3 600 Bourgueil
33%
1 100 Chançay
33%
3 500 Chanceaux sur choisille
33%
1 700 Château la Vallière
33%
4 400 Château Renault
33%
6 300 Esvres
33%
1 500 La chapelle sur loire
33%
4 400 Langeais
33%
2 700 Larçay
33%
5 100 Luynes
33%
4 800 Monnaie
33%
4 900 Montbazon
33%
11 300 Montlouis sur Loire
33%
1 200 Noyant en touraine
33%
1 300 Reignac sur indre
33%
15 000 Saint avertin
33%
1 100 Saint Christophe sur le niais
33%
17 000 Saint Cyr sur loire
33%
1 000 Saint genouph
33%
4 100 Saint maure de Touraine
33%
1 300 Saint roch
33%
3 400 Savonnières
33%
1 400 Sonzay
33%
2 900 Sorigny
33%
6 900 Veigné
33%
4 600 Véretz
33%
1 100 Villeperdue
33%
1 100 Abilly
17%
1 700 Ambillou
17%
2 800 Artannes sur indre
17%
2 200 Auzouer en touraine
17%
2 100 Avoine
17%
1 700 Beaulieu lès loches
17%
2 700 Beaumont en Véron
17%
1 000 Cangey
17%
1 300 Chambourg sur indre
17%
1 400 Chargé
17%
1 900 Cheillé
17%
2 100 Chouzé sur loire
17%
4 000 Cinq mars la pile
17%
1 800 Civray en touraine
17%
1 900 Cormery
17%
1 900 Coteaux sur loire
17%
1 000 Druye
17%
1 500 Huismes
17%
2 500 La croix en Touraine
17%
3 300 La membrolle sur choisille
17%
5 600 La ville aux dames
17%
1 300 Lignières de touraine
17%
1 100 Ligré
17%
2 100 Ligueil
17%
1 500 Mazières de Touraine
17%
2 100 Mettray
17%
3 800 Nazelles négron
17%
1 100 Neuvy le roi
17%
1 600 Pernay
17%
1 700 Pocé sur cisse
17%
1 100 Restigné
17%
1 600 Richelieu
17%
1 000 Rivarennes
17%
3 200 Rochecorbon
17%
1 400 Rouziers en touraine
17%
1 800 Saint Antoine du rocher
17%
2 600 Saint branchs
17%
1 500 Saint Etienne de chigny
17%
3 200 Saint Martin le beau
17%
1 100 Saint Nicolas de bourgueil
17%
1 000 Saint Ouen les vignes
17%
1 700 Saint paterne racan
17%
1 300 Savigné sur lathan
17%
1 500 Savigny en Véron
17%
2 200 Semblançay
17%
1 700 Tauxigny saint bauld
17%
2 400 Truyes
17%
2 900 Vernou sur brenne
17%
1 100 Villandry
17%
1 300 Villedômer
17%
1 800 Beaumont louestault
0%
1 300 Cerelles
0%
1 400 Charentilly
0%
1 400 Cléré les pins
0%
1 500 Francueil
0%
1 500 Genillé
0%
1 100 La celle saint avant
0%
1 600 L'île Bouchard
0%
1 300 Limeray
0%
1 000 Luzillé
0%
1 400 Manthelan
0%
1 200 Noizay
0%
1 200 Nouzilly
0%
1 400 Perrusson
0%
1 200 Pont de ruan
0%
1 000 Preuilly sur claise
0%
1 800 Regny
0%
1 400 Saché
0%
1 500 Saint épain
0%
1 800 Thilouze
0%
1 300 Vallères
0%
1 100 Villaines les rochers
0%
1 300 Yreuzes sur creuse
0%
Aucun quiz correspondant
Distribution des résultats
% des personnes avec chaque résultat
Percentile par nombre de réponses
Votre historique - résultats
Vous n’avez pas pris ce quiz